| 000 | 00824nam a2200289 a 4500 | ||
|---|---|---|---|
| 001 | 000003692 | ||
| 003 | DO-SdBNP | ||
| 005 | 20240503073630.0 | ||
| 007 | ta | ||
| 008 | 090713s1990 sp 000 0 spa d | ||
| 020 | _a8471753111 | ||
| 040 |
_aDO-SdBNP _bspa _cBNPHU |
||
| 082 | 4 |
_a863.3 _bC419g _222 |
|
| 100 | 1 |
_aCervantes Saavedra, Miguel de, _d1547-1616 _93070 |
|
| 245 | 1 | 3 |
_aLa gitanilla / _cMiguel de Cervantes Saavedra. |
| 260 |
_aBarcelona, España : _bEdiciones 29, _c1990. |
||
| 300 |
_a94 p. ; _c19 cm. |
||
| 490 | 1 | _aGrandes Autores. | |
| 490 | 1 | _aLibro Río Nuevo | |
| 590 | _aInventariado 2022 / MF | ||
| 650 | 4 |
_aNovela española. _91123 |
|
| 650 | 4 |
_aLiteratura española. _9632 |
|
| 830 | 0 |
_aGrandes Autores. _911295 |
|
| 830 | 0 |
_aLibro Río Nuevo _981253 |
|
| 910 | _aMFeliz | ||
| 942 |
_2ddc _cLBS1 |
||
| 999 |
_c3514 _d3514 |
||